000 00441nam a2200169Ia 4500
003 GCL
008 140319s9999 xx 000 0 eng d
040 _aGCL /
_cGCL
082 0 4 _a327.171822
_bB M
100 1 _aBALTA, PAUL
245 1 0 _aLA MEDITERRANEE REINVENTEE /
_cBALTA, PAUL
260 _a[S.N] :
_bLA DECOUVERTE ،
_c1992
300 _a386
650 0 4 _aMEDITERRANEAN SEA
650 0 4 _aINTERNATIONAL COOPERATION
942 _2ddc
_cBK
999 _c25411
_d25411